Дело о ревизии отчета Казанского университета

Доступно только в Электронных читальных залах Найти на картеНа карте
RUSMARC
00004011nmc2a22002653x 450
001ded5263d-d373-44bd-b11f-f4a7b5bfbb5c
00520260211230351.0
100##$a20250819l18301830k l0rusy0189 ca
1010#$arus
102##$aRU
105##$ay###
1222#$ad
2001#$aДело о ревизии отчета Казанского университета
$j9 января - 28 ноября 1830 г.
215##$a47 л.
$d36,5х26 см
251##$cДело
300##$aНа бланке обложки указано: "Отделение четвертое. Стол второй, счетный"
300##$aОриг. заголовок дела: Дело об обревизовании счетной части Казанского университета. 9 января 1830 г. - 28 ноября 1830 г
371##$aДокумент не является опубликованным и широко распространяемым
461#0$1001a74412a3-3cc5-4d21-8f0a-dfe2fbd9e72d
$12001
$aДепартамент народного просвещения Министерства народного просвещения (1803-1917)
$1251
$cФонд
$1852
$j733
462#0$1001a6622fb3-31f3-4f49-aac3-243f6793e8d6
$12001
$aДела Департамента народного просвещения за 1818-1862 годы
$1251
$cОпись
$1852
$j113
5171#$aДело об обревизовании счетной части Казанского университета. 9 января 1830 г. - 28 ноября 1830 г
801#0$aRU
$bРГИА
$c20250819
$gRCR
801#1$aRU
$bГлавНИВЦ
$c20250819
$2rusmarc
801#2$aRU
$bПБ им. Б.Н. Ельцина
$c20260211
$gRCR
$2rusmarc
850##$aРГИА
852##$aРГИА
$eФедеральное казенное учреждение "Российский государственный исторический архив" (РГИА)
$j79
937##$hРГИА
$d12094691
$aASBIBLIO_SCAN
035##$aRusGRCC00089232
856##$uhttp://readingroom.main.prlib.ru/item.aspx?id_node=n200456935&mode=full
Формат отображения